000 00247nam a2200109Ia 4500
008 190216s9999||||xx |||||||||||||| ||und||
100 _aReaders Digest Association
245 0 _aKnow Your Body
260 _bR B I
650 _aEnglish
942 _cBK
999 _c13479
_d13479